Eurostat regional yearbook 2014

Salvato in:
Dettagli Bibliografici
Ente Autore: Eurostat
Natura: Libro
Lingua:inglese
Pubblicazione: Luxembourg Publications Office of the European Union 2014
Serie:Eurostat statistical books
Soggetti:
Tags: Aggiungi Tag
Nessun Tag, puoi essere il primo ad aggiungerne!!

MARC

LEADER 00000nam a2200000 4500
001 0193851
005 20240318114334.4
020 |a 978-92-79-38898-9 
022 |a 1830-9674 
041 0 |a eng 
044 |a LU 
245 1 0 |a Eurostat regional yearbook 2014 
264 1 |a Luxembourg  |b Publications Office of the European Union  |c 2014 
300 |a 329 s.  |e 1 príloha (NUTS 2 regions in the European Union...) 
490 1 |a Eurostat statistical books 
830 0 |a Eurostat statistical books 
610 2 0 |a údaje štatistické medzinárodné 
610 2 0 |a regióny politicko-administratívne 
610 2 0 |a mestá 
610 2 0 |a politika kohézna 
610 2 0 |a urbanizácia 
610 2 0 |a vidiek 
610 2 0 |a ukazovatele sociálne 
610 2 0 |a ukazovatele ekonomické 
610 2 0 |a porovnanie medzinárodné 
610 2 0 |a Európska únia 
610 2 0 |a Európa 
610 2 0 |a populácia 
610 2 0 |a starostlivosť zdravotná 
610 2 0 |a vzdelanie 
610 2 0 |a trh práce 
610 2 0 |a politika hospodárska 
610 2 0 |a podnikanie 
610 2 0 |a inovácia 
610 2 0 |a výskum 
610 2 0 |a spoločnosť informačná 
610 2 0 |a ruch cestovný 
610 2 0 |a doprava 
610 2 0 |a poľnohospodárstvo 
610 2 0 |a prostredie životné 
610 2 0 |a konkurencieschopnosť 
710 2 |a Eurostat